Consolidated index to the Survey of international affairs : (Record no. 43004)
[ view plain ]
| 000 -LEADER | |
|---|---|
| fixed length control field | 01860nam a2200325 a 4500 |
| 001 - CONTROL NUMBER | |
| control field | 43004 |
| 003 - CONTROL NUMBER IDENTIFIER | |
| rucl marc code | BD-RjUL |
| 005 - DATE AND TIME OF LATEST TRANSACTION | |
| control field | 20211209053629.0 |
| 008 - FIXED-LENGTH DATA ELEMENTS--GENERAL INFORMATION | |
| fixed length control field | 160618s1932 enk 001 0 eng |
| 035 ## - SYSTEM CONTROL NUMBER | |
| System control number | (BD-RjUL)43122 |
| 040 ## - CATALOGING SOURCE | |
| Original cataloging agency | DLC |
| Transcribing agency | DLC |
| Modifying agency | DLC |
| Language of cataloging | eng |
| 041 ## - LANGUAGE CODE | |
| Language code of text/sound track or separate title | eng |
| 082 ## - DEWEY DECIMAL CLASSIFICATION NUMBER | |
| Classification number | 940.5 |
| Author mark and year | CON 1932 |
| 245 10 - TITLE STATEMENT | |
| Title | Consolidated index to the Survey of international affairs : |
| Remainder of title | 1920-1930, and supplementary volumes / |
| 260 ## - PUBLICATION, DISTRIBUTION, ETC. (IMPRINT) | |
| Place of publication, distribution, etc. | London, |
| Name of publisher, distributor, etc. | Oxford university press, H. Milford, |
| Date of publication, distribution, etc. | 1932. |
| 300 ## - PHYSICAL DESCRIPTION | |
| Pagination | 214 p., ; |
| Size | 25 cm. |
| 500 ## - GENERAL NOTE | |
| General note | "Issued under the auspices of the Royal institute of international affairs." |
| General note | "A comprehensive index to the material contained in the Survey of international affairs series, from the Survey for 1920-3 up to and including the Survey for 1930; in Documents on international affairs for the years 1928, 1929 and 1930; and in the following supplementary volumes---The world after the Peace conference, and The conduct of British empire foreign relations since the peace settlement [both by A. J. Toynbee]"---Prefatory note. |
| General note | Compiled by Miss V. M. Boulter and Miss M. Franklin. cf. Prefatory note. |
| 650 ## - SUBJECT ADDED ENTRY--TOPICAL TERM | |
| Topical term or geographic name as entry element | World War |
| Chronological subdivision | 1939-1945. |
| 9 (RLIN) | 132055 |
| Topical term or geographic name as entry element | World politics |
| Chronological subdivision | 1933-1945. |
| 9 (RLIN) | 132056 |
| 700 1# - ADDED ENTRY--PERSONAL NAME | |
| Personal name | Toynbee, Arnold, |
| Dates associated with a name | 1889-1975. |
| Personal name | Toynbee, Arnold, |
| Dates associated with a name | 1889-1975. |
| Personal name | Boulter, V. M. [from old catalog] |
| Personal name | Franklin, M. [from old catalog] |
| 710 2# - ADDED ENTRY--CORPORATE NAME | |
| Corporate name or jurisdiction name as entry element | Royal Institute of International Affairs. |
| 9 (RLIN) | 132061 |
| 942 ## - ADDED ENTRY ELEMENTS (KOHA) | |
| Source of classification or shelving scheme | Dewey Decimal Classification |
| Koha item type | Books |
| Lost status | Source of classification or shelving scheme | Damaged status | Not for loan | Collection code | Permanent Location | Current Location | Shelving location | Date acquired | Source of acquisition | Cost, normal purchase price | Total Checkouts | Full call number | Date last seen | Copy number | Koha item type |
|---|---|---|---|---|---|---|---|---|---|---|---|---|---|---|---|
| Dewey Decimal Classification | Non-fiction | Central Library, University of Rajshahi | Central Library, University of Rajshahi | 18/11/1951 | Oxford University Press | 20.50 | 940.5 CON 1932 | 18/06/2016 | C-2 | Books |